[Event "HZ Chess Tournament 2019"]
[Site "Vlissingen"]
[Date "2019.08.10"]
[Round "9.2"]
[White "Van Wely, Loek"]
[Black "Harika, Dronavalli"]
[Result "1/2-1/2"]
[WhiteElo "2608"]
[BlackElo "2495"]
[PlyCount "63"]
[EventCountry "NED"]

1. c4 e6 2. Nf3 d5 3. g3 Nf6 4. Bg2 d4 5. O-O c5 6. e3 Nc6 7. exd4 cxd4 8. d3
Bd6 9. Bg5 h6 10. Bxf6 Qxf6 11. Nbd2 Qe7 12. a3 a5 13. Re1 O-O 14. Rc1 Rd8 15.
Ne4 Bc7 16. c5 Bd7 17. Nfd2 f5 18. Nd6 Bxd6 19. cxd6 Qxd6 20. Nc4 Qc7 21. Qb3
a4 22. Qb6 Qxb6 23. Nxb6 Ra5 24. Nxd7 Rxd7 25. Bxc6 bxc6 26. Rxe6 Rb5 27. Rcxc6
Rxb2 28. Re8+ Kh7 29. h4 h5 30. Ra8 Rb3 31. Rxa4 Rxd3 32. Rcc4 1/2-1/2

[Event "HZ Chess Tournament 2019"]
[Site "Vlissingen"]
[Date "2019.08.10"]
[Round "9.3"]
[White "Ortiz Suarez, Isan Reynald"]
[Black "Afek, Yochanan"]
[Result "1-0"]
[WhiteElo "2551"]
[BlackElo "2248"]
[PlyCount "55"]
[EventCountry "NED"]

1. e4 c5 2. Nf3 d6 3. d4 cxd4 4. Nxd4 Nf6 5. Nc3 g6 6. Be3 Bg7 7. f3 O-O 8. Qd2
Nc6 9. Bc4 Bd7 10. h4 Qc7 11. Bb3 Ne5 12. h5 Nc4 13. Bxc4 Qxc4 14. O-O-O b5 15.
b3 Qc7 16. hxg6 fxg6 17. Ncxb5 Qb7 18. Nc3 Rfc8 19. g4 Qb4 20. Nde2 Be6 21. Bd4
Bf7 22. g5 e5 23. gxf6 exd4 24. fxg7 dxc3 25. Qxd6 Rc5 26. Kb1 Rac8 27. Qf6 h5
28. Rd7 1-0

[Event "HZ Chess Tournament 2019"]
[Site "Vlissingen"]
[Date "2019.08.10"]
[Round "9.6"]
[White "Hausrath, Daniel"]
[Black "Stillger, Bernhard"]
[Result "1/2-1/2"]
[WhiteElo "2502"]
[BlackElo "2271"]
[PlyCount "57"]
[EventCountry "NED"]

1. g3 Nf6 2. Bg2 d5 3. d3 e6 4. Nf3 Be7 5. O-O O-O 6. a4 c5 7. Na3 Nc6 8. c3 b6
9. Bd2 Bb7 10. Rb1 Re8 11. Re1 Nd7 12. h4 Rc8 13. Bg5 Nde5 14. Nxe5 Nxe5 15.
Bxe7 Qxe7 16. Qd2 Red8 17. Qf4 Qf6 18. Qxf6 gxf6 19. Rec1 Bc6 20. d4 Nc4 21.
Nxc4 dxc4 22. dxc5 Bxg2 23. Kxg2 Rxc5 24. Rd1 Rcd5 25. Rxd5 Rxd5 26. Kf1 f5 27.
Ra1 Rd2 28. Rb1 Rd5 29. Ra1 1/2-1/2

[Event "HZ Chess Tournament 2019"]
[Site "Vlissingen"]
[Date "2019.08.10"]
[Round "9.9"]
[White "Mesman, Edwyn"]
[Black "L'Ami, Erwin"]
[Result "0-1"]
[WhiteElo "2154"]
[BlackElo "2622"]
[PlyCount "84"]
[EventCountry "NED"]

1. d4 f5 2. c4 Nf6 3. Nf3 e6 4. g3 d5 5. Bg2 Bd6 6. O-O O-O 7. b3 b6 8. Ba3 Bb7
9. Qc1 Ne4 10. Nbd2 Nd7 11. Bxd6 cxd6 12. Qb2 Ndf6 13. Rac1 Rc8 14. cxd5 Bxd5
15. Nxe4 Bxe4 16. Rxc8 Qxc8 17. Qa3 Qd7 18. Rc1 Rd8 19. Nd2 Bxg2 20. Kxg2 h6
21. Qb4 Qb7+ 22. Kg1 Kf7 23. Qc4 Ke7 24. Nf3 Nd5 25. Ne1 b5 26. Qc2 Rd7 27. Nd3
Rc7 28. Qd2 Kd7 29. e3 g5 30. Qe2 g4 31. Qd2 Nf6 32. Rc2 Ne4 33. Rxc7+ Qxc7 34.
Qc1 Qb7 35. Nf4 Ng5 36. d5 e5 37. Nh5 Ke7 38. Ng7 Qxd5 39. Nxf5+ Kf6 40. Qc2
Nh3+ 41. Kf1 Qh1+ 42. Ke2 Qf3+ 0-1

[Event "HZ Chess Tournament 2019"]
[Site "Vlissingen"]
[Date "2019.08.10"]
[Round "9.15"]
[White "Leenhouts, Koen"]
[Black "Kraemer, Max"]
[Result "1-0"]
[WhiteElo "2425"]
[BlackElo "2041"]
[PlyCount "39"]
[EventCountry "NED"]

1. d4 d5 2. c4 e6 3. Nc3 Nf6 4. cxd5 exd5 5. Bg5 Be7 6. Qc2 c6 7. e3 Nh5 8.
Bxe7 Kxe7 9. Nf3 g6 10. Bd3 Re8 11. O-O-O Kf8 12. h3 Be6 13. g4 Ng7 14. Rdg1
Nd7 15. h4 c5 16. h5 c4 17. Be2 gxh5 18. Qxh7 Nf6 19. Qh8+ Ng8 20. gxh5 1-0

[Event "HZ Chess Tournament 2019"]
[Site "Vlissingen"]
[Date "2019.08.10"]
[Round "9.17"]
[White "De Wilde, Rik"]
[Black "De Boer, Robert"]
[Result "1/2-1/2"]
[WhiteElo "2169"]
[BlackElo "1976"]
[PlyCount "71"]
[EventCountry "NED"]

1. e4 e6 2. d4 d5 3. e5 c5 4. c3 Nc6 5. Nf3 Qb6 6. Bd3 cxd4 7. cxd4 Bd7 8. O-O
Nxd4 9. Nbd2 Nxf3+ 10. Nxf3 Ne7 11. Be3 Qc7 12. Rc1 Nc6 13. Qe2 Be7 14. Bc5 Qd8
15. Bxe7 Qxe7 16. h4 Rc8 17. a3 f6 18. Rfe1 f5 19. g4 fxg4 20. Ng5 g6 21. Qxg4
O-O 22. f4 Nd4 23. h5 Nf5 24. b4 Qg7 25. Kh2 Rxc1 26. Rxc1 Rc8 27. Rxc8+ Bxc8
28. hxg6 hxg6 29. Bxf5 gxf5 30. Qh5 Bd7 31. Nxe6 Bxe6 32. Qe8+ Kh7 33. Qxe6 Qg4
34. Qe7+ Kh6 35. Qf6+ Kh7 36. Qe7+ 1/2-1/2

[Event "HZ Chess Tournament 2019"]
[Site "Vlissingen"]
[Date "2019.08.10"]
[Round "9.18"]
[White "Hendrix, Joachim"]
[Black "Stange, Sven"]
[Result "0-1"]
[WhiteElo "1871"]
[BlackElo "2167"]
[PlyCount "68"]
[EventCountry "NED"]

1. Nf3 Nf6 2. g3 d5 3. Bg2 e6 4. O-O Be7 5. d3 O-O 6. Nbd2 c5 7. e4 Nc6 8. Re1
b5 9. e5 Nd7 10. c4 Nb6 11. cxb5 Nb4 12. Nf1 a6 13. a3 axb5 14. Bf4 Nc6 15. d4
c4 16. h4 b4 17. Ne3 bxa3 18. bxa3 Rxa3 19. Rxa3 Bxa3 20. h5 Bd7 21. h6 g6 22.
Bg5 Qa8 23. Bf6 Rb8 24. Ng4 Be8 25. Bg7 Nd7 26. Ng5 Be7 27. Nf6+ Nxf6 28. exf6
Bb4 29. Rxe6 fxe6 30. Qf3 Bf7 31. Nxe6 Nxd4 32. Nxd4 Qa1+ 33. Kh2 Qxd4 34. Bh3
Bc5 0-1

[Event "HZ Chess Tournament 2019"]
[Site "Vlissingen"]
[Date "2019.08.10"]
[Round "9.20"]
[White "Elgersma, Simon"]
[Black "Westerweele, Henrik"]
[Result "1-0"]
[WhiteElo "2128"]
[BlackElo "1961"]
[PlyCount "83"]
[EventCountry "NED"]

1. e4 e6 2. d4 d5 3. Nd2 Nf6 4. e5 Nfd7 5. f4 c5 6. c3 Nc6 7. Ndf3 Qb6 8. g3
cxd4 9. cxd4 Bb4+ 10. Kf2 f6 11. Kg2 O-O 12. Bd3 g6 13. Ne2 fxe5 14. dxe5 Be7
15. h4 Nc5 16. Be3 d4 17. Nfxd4 Nxd3 18. Qxd3 Nxd4 19. Bxd4 Qc6+ 20. Qf3 Bd7
21. Rhc1 Qb5 22. Kh2 Bc6 23. Qf2 Rad8 24. Nc3 Qb4 25. Bxa7 Rd3 26. Be3 Rfd8 27.
Rc2 R8d7 28. Re1 Qa5 29. a3 Qd8 30. Ree2 Qf8 31. Red2 Qf5 32. Rxd3 Rxd3 33. Rd2
Bxa3 34. g4 Rxd2 35. Bxd2 Bc5 36. Qxc5 Qxg4 37. Qf2 h6 38. b4 b6 39. b5 Bb7 40.
Be3 g5 41. fxg5 hxg5 42. Qg3 1-0

[Event "HZ Chess Tournament 2019"]
[Site "Vlissingen"]
[Date "2019.08.10"]
[Round "9.21"]
[White "Wagenvoorde, Guido"]
[Black "Van Doren, Bas"]
[Result "1/2-1/2"]
[WhiteElo "2128"]
[BlackElo "1976"]
[PlyCount "54"]
[EventCountry "NED"]

1. d4 Nf6 2. c4 g6 3. Nc3 d5 4. cxd5 Nxd5 5. e4 Nxc3 6. bxc3 Bg7 7. Be3 c5 8.
Qd2 cxd4 9. cxd4 Nc6 10. Rd1 O-O 11. Nf3 Bg4 12. Be2 Rc8 13. O-O Qa5 14. h3
Bxf3 15. Bxf3 Qxd2 16. Rxd2 Na5 17. Bg5 Nc4 18. Rdd1 Rc7 19. Rfe1 e5 20. d5 Nd6
21. Rc1 Rfc8 22. Rxc7 Rxc7 23. Bd8 Rc2 24. Be7 Bf8 25. Bf6 Bg7 26. Be7 Bf8 27.
Bf6 Bg7 1/2-1/2

[Event "HZ Chess Tournament 2019"]
[Site "Vlissingen"]
[Date "2019.08.10"]
[Round "9.22"]
[White "Merbis, Max"]
[Black "Kunnavakkam, Sudarshanagop"]
[Result "0-1"]
[WhiteElo "2103"]
[BlackElo "1744"]
[PlyCount "56"]
[EventCountry "NED"]

1. d4 Nf6 2. c4 e6 3. g3 c5 4. d5 exd5 5. cxd5 d6 6. Bg2 g6 7. Nf3 Bg7 8. O-O
O-O 9. Nc3 Na6 10. Bf4 Nc7 11. a4 b6 12. e4 Nh5 13. Bg5 f6 14. Bd2 f5 15. Bg5
Bf6 16. Bxf6 Qxf6 17. Re1 Bb7 18. e5 dxe5 19. Nxe5 Rad8 20. Qb3 Kh8 21. Rad1
Ne8 22. a5 f4 23. Rd2 fxg3 24. fxg3 Nc7 25. axb6 axb6 26. d6 Rxd6 27. Rf1 Rxd2
28. Rxf6 Rxg2+ 0-1

[Event "HZ Chess Tournament 2019"]
[Site "Vlissingen"]
[Date "2019.08.10"]
[Round "9.24"]
[White "Krause, Thomas"]
[Black "Verbruggen, Samuel"]
[Result "1-0"]
[WhiteElo "2062"]
[BlackElo "1960"]
[PlyCount "75"]
[EventCountry "NED"]

1. c4 Nf6 2. Nc3 e5 3. Nf3 Nc6 4. e3 Bb4 5. Qc2 O-O 6. Nd5 Re8 7. Qf5 d6 8.
Nxf6+ Qxf6 9. Qxf6 gxf6 10. a3 Bc5 11. b4 Bb6 12. b5 Ne7 13. Bb2 c6 14. a4 d5
15. d4 Ba5+ 16. Kd1 e4 17. Nd2 Bxd2 18. Kxd2 dxc4 19. Bxc4 Be6 20. Be2 Rec8 21.
Rhc1 cxb5 22. axb5 Rxc1 23. Rxc1 Kf8 24. Ba3 Ke8 25. Bc5 Nc8 26. f3 b6 27. Ba3
f5 28. g4 fxg4 29. fxe4 h5 30. d5 Bd7 31. d6 Be6 32. e5 Kd7 33. Re1 Rb8 34. Bd3
h4 35. Be4 g3 36. hxg3 hxg3 37. Bc6+ Kd8 38. Rh1 1-0

[Event "HZ Chess Tournament 2019"]
[Site "Vlissingen"]
[Date "2019.08.10"]
[Round "9.25"]
[White "Veer Sethi"]
[Black "Zwirs, Jasper"]
[Result "0-1"]
[WhiteElo "1575"]
[BlackElo "2110"]
[PlyCount "56"]
[EventCountry "NED"]

1. e4 c5 2. d4 cxd4 3. c3 dxc3 4. Nxc3 Nc6 5. Bc4 d6 6. Nf3 a6 7. O-O Nf6 8. h3
e6 9. Qe2 b5 10. Bb3 Ra7 11. Rd1 Rd7 12. Bf4 Be7 13. Rac1 O-O 14. Ng5 e5 15.
Be3 Bb7 16. Nd5 Nxd5 17. Bxd5 Nd4 18. Bxd4 Bxd5 19. exd5 Bxg5 20. Be3 Bxe3 21.
Qxe3 Qa5 22. Qc3 Qxc3 23. Rxc3 Ra8 24. Rc6 Kf8 25. g4 Ke7 26. Kg2 f5 27. Kf3
Kf6 28. Rdc1 e4+ 0-1

[Event "HZ Chess Tournament 2019"]
[Site "Vlissingen"]
[Date "2019.08.10"]
[Round "9.27"]
[White "Van Liempt, Michael"]
[Black "Van Haaften, Maarten"]
[Result "1-0"]
[WhiteElo "2091"]
[BlackElo "1870"]
[PlyCount "67"]
[EventCountry "NED"]

1. e4 c5 2. Nc3 a6 3. a4 e6 4. f4 Nc6 5. Nf3 d5 6. d3 Nf6 7. g3 Rb8 8. Bg2 dxe4
9. Nxe4 Be7 10. O-O O-O 11. Nf2 Qc7 12. Re1 b5 13. Bd2 Bb7 14. g4 Rfd8 15. axb5
axb5 16. g5 Nd7 17. Ng4 Nb6 18. Qe2 Bd6 19. Nge5 Bf8 20. Bh3 Kh8 21. g6 Nxe5
22. Nxe5 hxg6 23. Qg4 c4 24. Nxf7+ Kg8 25. Nxd8 Bc5+ 26. Be3 Rxd8 27. Qxg6
Bxe3+ 28. Rxe3 Nd5 29. Bxe6+ Kf8 30. Bxd5 Bxd5 31. Qf5+ Kg8 32. Qe5 Qc5 33. d4
Qb6 34. Rg3 1-0

[Event "HZ Chess Tournament 2019"]
[Site "Vlissingen"]
[Date "2019.08.10"]
[Round "9.28"]
[White "Van der Zalm, Marnix"]
[Black "Nellen, Marcel"]
[Result "1-0"]
[WhiteElo "2062"]
[BlackElo "1854"]
[PlyCount "43"]
[EventCountry "NED"]

1. g3 e5 2. Bg2 Nc6 3. d3 Bc5 4. Nf3 d6 5. c3 a5 6. d4 exd4 7. cxd4 Bb4+ 8. Nc3
d5 9. O-O Nce7 10. e4 Bxc3 11. bxc3 c6 12. exd5 cxd5 13. Ba3 Ra6 14. Re1 h6 15.
Ne5 Be6 16. Rb1 Bc8 17. Qa4+ Kf8 18. Rb5 Qe8 19. Bxd5 Be6 20. Bxe6 Rxe6 21.
Rxb7 Rxe5 22. Qxe8+ 1-0

[Event "HZ Chess Tournament 2019"]
[Site "Vlissingen"]
[Date "2019.08.10"]
[Round "9.29"]
[White "Baete, Guy"]
[Black "Skutta, Bernd"]
[Result "1/2-1/2"]
[WhiteElo "1838"]
[BlackElo "2007"]
[PlyCount "86"]
[EventCountry "NED"]

1. d4 d6 2. Nf3 f5 3. e3 Nf6 4. Bc4 d5 5. Bd3 e6 6. O-O Bd6 7. b3 Qe7 8. Bb2
O-O 9. Ne5 Bd7 10. Nd2 Be8 11. c4 c6 12. cxd5 cxd5 13. Ndf3 Bh5 14. Qc2 Ne4 15.
Rac1 g5 16. Nd2 Nd7 17. f3 Nxd2 18. Qxd2 Qg7 19. Nxd7 Qxd7 20. Rc2 Rac8 21.
Rfc1 Rxc2 22. Rxc2 Rc8 23. e4 Bf4 24. Rxc8+ Qxc8 25. Qc2 Qxc2 26. Bxc2 fxe4 27.
fxe4 Bg6 28. Kf2 dxe4 29. g3 Bd2 30. Bd1 e3+ 31. Kf3 h5 32. h3 Kh7 33. Be2 Kh6
34. Bc4 g4+ 35. hxg4 hxg4+ 36. Ke2 Bf5 37. Ba3 Kg5 38. Bd6 Be4 39. Bf4+ Kf5 40.
Bxe3 Bb4 41. Bf4 Ba3 42. Kd2 Bb4+ 43. Ke3 Bb1 1/2-1/2

[Event "HZ Chess Tournament 2019"]
[Site "Vlissingen"]
[Date "2019.08.10"]
[Round "9.30"]
[White "De Zwart, Johan"]
[Black "Lukas, Anne"]
[Result "1-0"]
[WhiteElo "1989"]
[BlackElo "1842"]
[PlyCount "75"]
[EventCountry "NED"]

1. e4 c5 2. Nf3 g6 3. c3 Bg7 4. d4 cxd4 5. cxd4 d5 6. e5 Nh6 7. h3 O-O 8. Be2
Nc6 9. O-O f6 10. exf6 Rxf6 11. Nc3 Rf8 12. g4 Bxg4 13. hxg4 Nxg4 14. Ng5 Nxf2
15. Qb3 e6 16. Kg2 Qd6 17. Nb5 Qe7 18. Rxf2 Rxf2+ 19. Kxf2 Rf8+ 20. Kg2 a6 21.
Qh3 h6 22. Qxe6+ Qxe6 23. Nxe6 Re8 24. Nbc7 Re7 25. Bf3 Nxd4 26. Nxd4 Bxd4 27.
Nxd5 Re1 28. Rb1 Rg1+ 29. Kh2 g5 30. Nc3 g4 31. Bd5+ Kh7 32. Be4+ Kg8 33. Bf4
Rxb1 34. Nxb1 Bxb2 35. Bxb7 a5 36. Bxh6 Kf7 37. Kg3 Ke6 38. Bd2 1-0

[Event "HZ Chess Tournament 2019"]
[Site "Vlissingen"]
[Date "2019.08.10"]
[Round "9.31"]
[White "Reichardt, Gert"]
[Black "Van Dijkhuizen, Robbert"]
[Result "1/2-1/2"]
[WhiteElo "1987"]
[BlackElo "1819"]
[PlyCount "87"]
[EventCountry "NED"]

1. e4 e6 2. Nf3 d5 3. e5 c5 4. b4 cxb4 5. d4 Nc6 6. a3 Bd7 7. axb4 Bxb4+ 8. c3
Be7 9. Na3 a6 10. Bd3 Qc7 11. O-O Rc8 12. Ng5 g6 13. Qf3 Nh6 14. Nxe6 Bxe6 15.
Bxh6 Bf8 16. Bd2 Bg7 17. Nc2 O-O 18. Ne3 Rcd8 19. Ng4 Bxg4 20. Qxg4 Na5 21. Bg5
Rde8 22. Rac1 f6 23. exf6 Bxf6 24. Bf4 Qf7 25. g3 Rc8 26. Rfe1 Rc6 27. h4 Bg7
28. Qe2 Nc4 29. Qe7 Bf6 30. Qxf7+ Kxf7 31. Rb1 b5 32. Bxc4 Rxc4 33. Bd6 Re8 34.
Rxe8 Kxe8 35. Bb4 Kd7 36. Ba5 Rc6 37. Kf1 Re6 38. Rb2 Be7 39. f3 Ba3 40. Ra2
Be7 41. Kf2 Rc6 42. Ke3 Re6+ 43. Kd3 Bd6 44. Rg2 1/2-1/2

[Event "HZ Chess Tournament 2019"]
[Site "Vlissingen"]
[Date "2019.08.10"]
[Round "9.32"]
[White "Hng, Mei-Xian Eunice"]
[Black "Oosting, Robert"]
[Result "0-1"]
[WhiteElo "1719"]
[BlackElo "1962"]
[PlyCount "72"]
[EventCountry "NED"]

1. e4 c5 2. d4 cxd4 3. c3 dxc3 4. Nxc3 Nc6 5. Bc4 e6 6. Nf3 Qc7 7. Qe2 a6 8.
O-O Nge7 9. Rd1 Ng6 10. Nd5 exd5 11. exd5+ Nce5 12. Nxe5 Qxe5 13. Qxe5+ Nxe5
14. Re1 f6 15. f4 Bc5+ 16. Be3 Bxe3+ 17. Rxe3 d6 18. fxe5 fxe5 19. Rf1 Rf8 20.
Bd3 Rxf1+ 21. Kxf1 g6 22. a4 Bd7 23. a5 Rc8 24. b4 Ke7 25. Ke1 Rc3 26. Kd2 Rb3
27. Re4 Bf5 28. Re3 Bxd3 29. Rxd3 Rxb4 30. Rh3 h5 31. Rg3 Kf6 32. Rf3+ Rf4 33.
Rb3 Rd4+ 34. Kc3 Rxd5 35. Rxb7 Rxa5 36. Rd7 d5 0-1

[Event "HZ Chess Tournament 2019"]
[Site "Vlissingen"]
[Date "2019.08.10"]
[Round "9.33"]
[White "Van Rij, Gert"]
[Black "De Wit, Martijn"]
[Result "1-0"]
[WhiteElo "1960"]
[BlackElo "1626"]
[PlyCount "41"]
[EventCountry "NED"]

1. Nf3 Nf6 2. d4 e6 3. g3 c5 4. Bg2 d5 5. c4 Nc6 6. cxd5 exd5 7. Nc3 c4 8. O-O
Bb4 9. Bg5 Bxc3 10. bxc3 O-O 11. e4 dxe4 12. Nd2 Qd6 13. Bxf6 Qxf6 14. Nxe4 Qg6
15. Qa4 Bf5 16. Nc5 Bc2 17. Qxc4 b6 18. Nd7 Rfd8 19. Qxc6 Qf5 20. Ne5 Rac8 21.
Qf3 1-0

[Event "HZ Chess Tournament 2019"]
[Site "Vlissingen"]
[Date "2019.08.10"]
[Round "9.34"]
[White "Reichardt, Robin"]
[Black "Albrecht, Alex"]
[Result "1-0"]
[WhiteElo "1811"]
[BlackElo "1927"]
[PlyCount "75"]
[EventCountry "NED"]

1. d4 d5 2. Nf3 e6 3. c4 c6 4. e3 f5 5. Nc3 Nf6 6. Be2 Bd6 7. O-O O-O 8. Ne1
Ne4 9. Nd3 Nd7 10. Qe1 Rf6 11. f3 Nxc3 12. bxc3 dxc4 13. Nf2 Rh6 14. g3 Rg6 15.
f4 Nf6 16. Bxc4 b5 17. Bb3 a5 18. e4 a4 19. exf5 axb3 20. fxg6 bxa2 21. gxh7+
Kxh7 22. Ne4 Be7 23. Nxf6+ Bxf6 24. Qe4+ Kh8 25. Rf2 Rb8 26. Rfxa2 c5 27. Be3
Bb7 28. Qxe6 cxd4 29. Rd2 Qc7 30. Bxd4 Bxd4+ 31. cxd4 Qc3 32. Rad1 Qf3 33. d5
Rd8 34. Qh3+ Kg8 35. Qe6+ Kh8 36. Qe7 Rxd5 37. Rxd5 Bxd5 38. Qh4+ 1-0

[Event "HZ Chess Tournament 2019"]
[Site "Vlissingen"]
[Date "2019.08.10"]
[Round "9.35"]
[White "Boerkamp, Harry"]
[Black "Klein, Jorik"]
[Result "1/2-1/2"]
[WhiteElo "1915"]
[BlackElo "1804"]
[PlyCount "46"]
[EventCountry "NED"]

1. e4 c5 2. d4 cxd4 3. c3 dxc3 4. Nxc3 e6 5. Bc4 Nc6 6. Nf3 Qc7 7. O-O Nf6 8.
Qe2 Ng4 9. Nb5 Qb8 10. h3 Nge5 11. Nxe5 Nxe5 12. Bb3 a6 13. Nd4 Bc5 14. Be3 Qa7
15. Rfd1 O-O 16. Rac1 d6 17. Kh2 Bd7 18. f4 Nc6 19. Qf2 Nxd4 20. Bxd4 Bxd4 21.
Qxd4 Qxd4 22. Rxd4 Bc6 23. Rxd6 Bxe4 1/2-1/2

[Event "HZ Chess Tournament 2019"]
[Site "Vlissingen"]
[Date "2019.08.10"]
[Round "9.36"]
[White "De Wolf, Johan"]
[Black "De Wilde, Steven"]
[Result "1/2-1/2"]
[WhiteElo "2075"]
[BlackElo "1771"]
[PlyCount "28"]
[EventCountry "NED"]

1. d4 e6 2. c4 Nf6 3. g3 d5 4. Nf3 Be7 5. Bg2 O-O 6. O-O c6 7. Nc3 Nbd7 8. Qd3
b6 9. b3 Bb7 10. Rd1 Re8 11. Bb2 Qc7 12. Rac1 Rad8 13. e3 Qb8 14. Qe2 c5
1/2-1/2

[Event "HZ Chess Tournament 2019"]
[Site "Vlissingen"]
[Date "2019.08.10"]
[Round "9.37"]
[White "Smit, Manuel"]
[Black "Berghuis, Marten"]
[Result "1-0"]
[WhiteElo "1831"]
[BlackElo "2031"]
[PlyCount "79"]
[EventCountry "NED"]

1. b3 d5 2. e3 e5 3. Bb2 Qd6 4. Qh5 Nc6 5. Bb5 e4 6. Ba3 Nf6 7. Bxd6 Nxh5 8.
Bxc7 a6 9. Bxc6+ bxc6 10. Ne2 Be7 11. Nbc3 Ra7 12. Bb6 Rb7 13. Na4 Nf6 14. O-O
Nd7 15. Bd4 O-O 16. f3 f5 17. d3 c5 18. Bb2 Nf6 19. Nf4 exd3 20. cxd3 c4 21.
Bxf6 Bxf6 22. Rab1 cxb3 23. axb3 d4 24. e4 Bg5 25. Nd5 Be6 26. Nc5 Bxd5 27.
exd5 Be3+ 28. Kh1 Ra7 29. Ra1 Rfa8 30. Ra2 Kf7 31. Rfa1 Ke7 32. b4 Kd6 33. Nxa6
Rb7 34. Nc5 Rxb4 35. Rxa8 Kxc5 36. R1a5+ Kd6 37. g3 Rb1+ 38. Kg2 Rd1 39. R8a6+
Ke5 40. Re6# 1-0

[Event "HZ Chess Tournament 2019"]
[Site "Vlissingen"]
[Date "2019.08.10"]
[Round "9.38"]
[White "Van de Griend, Johan"]
[Black "Haak, Eelco"]
[Result "0-1"]
[WhiteElo "1826"]
[BlackElo "2003"]
[PlyCount "48"]
[EventCountry "NED"]

1. e4 e6 2. d4 d5 3. Nc3 Bb4 4. Bd3 c5 5. a3 Bxc3+ 6. bxc3 c4 7. Be2 Nf6 8.
exd5 exd5 9. Nf3 Ne4 10. Bd2 O-O 11. O-O Re8 12. Re1 Nc6 13. Rb1 b6 14. Qc1 h6
15. h3 Qf6 16. Kh2 Bf5 17. Kg1 Ne7 18. g4 Bd7 19. Rf1 Ng6 20. Ne5 Nxe5 21. dxe5
Qxe5 22. f4 Qe7 23. Bf3 Qh4 24. Bxe4 Qg3+ 0-1

[Event "HZ Chess Tournament 2019"]
[Site "Vlissingen"]
[Date "2019.08.10"]
[Round "9.39"]
[White "Volkers, Annemarie"]
[Black "Moors, Marc"]
[Result "1-0"]
[WhiteElo "1966"]
[BlackElo "1829"]
[PlyCount "91"]
[EventCountry "NED"]

1. e4 d5 2. exd5 Qxd5 3. Nc3 Qd6 4. Bc4 Nf6 5. d3 a6 6. Qf3 e6 7. Bf4 Qd8 8.
O-O-O Bd6 9. Bg5 Nbd7 10. Qe2 O-O 11. Nf3 b5 12. Bb3 Nc5 13. Ne4 Nxb3+ 14. axb3
Be7 15. Ne5 Bb7 16. f4 Nd5 17. Bxe7 Qxe7 18. Rhf1 Rfd8 19. Rde1 a5 20. Qh5 f6
21. Ng4 a4 22. bxa4 Rxa4 23. Nc3 Ra1+ 24. Kd2 Rxe1 25. Rxe1 Nxf4 26. Qxb5 Bxg2
27. Ne3 Ba8 28. Qc4 g5 29. Nf5 Qd7 30. Ne4 Bxe4 31. Rxe4 Nd5 32. Nd4 Re8 33.
Qa6 e5 34. Ne2 Nb6 35. Qa2+ Kg7 36. Ng3 Kg6 37. Re2 f5 38. Ke1 h5 39. Qa5 Qd4
40. Qb5 Re6 41. Rf2 Rf6 42. Qe8+ Rf7 43. Qg8+ Rg7 44. Qe6+ Kh7 45. Qxf5+ Kh8
46. Qf8+ 1-0

[Event "HZ Chess Tournament 2019"]
[Site "Vlissingen"]
[Date "2019.08.10"]
[Round "9.40"]
[White "Enserink, Henk"]
[Black "Van der Borgt, Peter"]
[Result "0-1"]
[WhiteElo "1803"]
[BlackElo "1938"]
[PlyCount "82"]
[EventCountry "NED"]

1. e4 c5 2. f4 Nc6 3. Nf3 g6 4. Bc4 e6 5. Nc3 Bg7 6. O-O Nge7 7. Ne2 O-O 8. c3
d5 9. exd5 exd5 10. Bb3 Bf5 11. d3 d4 12. Ne5 Nxe5 13. fxe5 Bxe5 14. Bh6 Bg7
15. Bxg7 Kxg7 16. cxd4 cxd4 17. Ng3 Qd6 18. Qf3 Rab8 19. Rae1 b5 20. h4 h5 21.
Nxh5+ gxh5 22. Rxe7 Qxe7 23. Qxf5 Rb6 24. Qxh5 Rg6 25. Qxb5 Qe3+ 26. Kh1 Qe2
27. Rg1 Rh8 28. g3 Qf3+ 29. Kh2 Rxh4+ 30. gxh4 Qf2+ 31. Kh3 Qxg1 32. Qe5+ Kh7
33. Qh5+ Kg8 34. Qf3 Rg7 35. Qa8+ Kh7 36. Qe4+ Rg6 37. Qf3 Qe3 38. Bd5 Rf6 39.
Be4+ Kh6 40. Qg3 Rf2 41. Kg4 f5+ 0-1

[Event "HZ Chess Tournament 2019"]
[Site "Vlissingen"]
[Date "2019.08.10"]
[Round "9.41"]
[White "Wagner, Victoria"]
[Black "Tibke, Jonas"]
[Result "0-1"]
[WhiteElo "1799"]
[BlackElo "1937"]
[PlyCount "84"]
[EventCountry "NED"]

1. e4 c6 2. d4 d5 3. exd5 cxd5 4. Bd3 Nc6 5. c3 Nf6 6. Bf4 g6 7. Nf3 Bg7 8.
Nbd2 O-O 9. O-O Bg4 10. h3 Bxf3 11. Nxf3 Qd7 12. Ne5 Nxe5 13. Bxe5 Rfc8 14. Qe2
Qc6 15. Rfe1 Bf8 16. g4 Nd7 17. Bg3 Nb6 18. f4 Nc4 19. f5 b5 20. fxg6 hxg6 21.
Rf1 Qe8 22. Rf3 Rc6 23. Raf1 Re6 24. Qf2 Bh6 25. Bxc4 bxc4 26. h4 f6 27. Re1
Rxe1+ 28. Qxe1 Qd7 29. Kf2 a5 30. Bf4 Bg7 31. g5 Ra6 32. Re3 Kf7 33. gxf6 exf6
34. Qb1 Qg4 35. Bg3 Bh6 36. Re2 Bf4 37. Bxf4 Qxf4+ 38. Kg1 Qxh4 39. Rh2 Qg3+
40. Rg2 Qe3+ 41. Kf1 f5 42. Re2 Qf3+ 0-1

[Event "HZ Chess Tournament 2019"]
[Site "Vlissingen"]
[Date "2019.08.10"]
[Round "9.42"]
[White "Hahnen, Elke"]
[Black "Oostvogels, Niek"]
[Result "1/2-1/2"]
[WhiteElo "1803"]
[BlackElo "1929"]
[PlyCount "91"]
[EventCountry "NED"]

1. e4 d5 2. exd5 Nf6 3. Nf3 Bg4 4. d4 Qxd5 5. Be2 Nc6 6. c3 e6 7. Bf4 O-O-O 8.
h3 Bh5 9. Nbd2 Be7 10. Qa4 g5 11. Bxg5 Bxf3 12. Nxf3 Qe4 13. Kf1 Rhg8 14. Bb5
Nd5 15. Bxc6 bxc6 16. Ne5 Rd6 17. Qxa7 Nb6 18. Qa6+ Kd8 19. f3 Qf5 20. g4 Qc2
21. Nxf7+ Kd7 22. Ne5+ Ke8 23. Bc1 Qd1+ 24. Kg2 Qc2+ 25. Kg3 Nd5 26. Qf1 h5 27.
h4 hxg4 28. fxg4 Bf6 29. Qe1 Bxe5+ 30. dxe5 Qd3+ 31. Kh2 Rd7 32. Rg1 Rf7 33.
Rg3 Qc2+ 34. Rg2 Qd3 35. Qg3 Rf3 36. Qe1 Rgf8 37. Bg5 Rf1 38. Rd2 Rxe1 39. Rxd3
Rxa1 40. c4 Rxa2 41. cxd5 Rxb2+ 42. Kg3 cxd5 43. Bf6 c5 44. Ra3 Rb7 45. g5 Kf7
46. h5 1/2-1/2

[Event "HZ Chess Tournament 2019"]
[Site "Vlissingen"]
[Date "2019.08.10"]
[Round "9.43"]
[White "Hendrikse, Ad"]
[Black "De Jonge, Edwin"]
[Result "0-1"]
[WhiteElo "1925"]
[BlackElo "1788"]
[PlyCount "60"]
[EventCountry "NED"]

1. e4 c6 2. d4 d5 3. exd5 cxd5 4. c4 Nf6 5. Nc3 e6 6. Nf3 Be7 7. c5 O-O 8. b4
b6 9. Bd3 a5 10. cxb6 axb4 11. Ne2 Qxb6 12. Bf4 Ba6 13. Bxa6 Qxa6 14. O-O Nbd7
15. Nd2 Rfc8 16. Nc1 Nb6 17. Ncb3 Na4 18. Bg5 Nc3 19. Qf3 Ne2+ 20. Kh1 Rc3 21.
Be3 Rc2 22. h4 Nc3 23. h5 h6 24. g4 Nfe4 25. Qg2 Qd3 26. Nc1 Qb5 27. Nxe4 Nxe4
28. Qh3 Ra3 29. Nb3 Qd3 30. Rfd1 Nxf2+ 0-1

[Event "HZ Chess Tournament 2019"]
[Site "Vlissingen"]
[Date "2019.08.10"]
[Round "9.44"]
[White "Morssink, Pieter Jan"]
[Black "Steijn, Sjaak"]
[Result "1-0"]
[WhiteElo "1918"]
[BlackElo "1734"]
[PlyCount "65"]
[EventCountry "NED"]

1. Nf3 Nf6 2. g3 d6 3. Bg2 g6 4. O-O Bg7 5. c4 O-O 6. Nc3 e5 7. d3 Nc6 8. Rb1
Nh5 9. b4 f5 10. Nd5 h6 11. Ba3 Be6 12. Nd2 Rb8 13. Qc2 Nd4 14. Qd1 Kh7 15. b5
f4 16. e3 fxe3 17. fxe3 Rxf1+ 18. Nxf1 Nf5 19. Qc2 Nf6 20. Bb2 c6 21. bxc6 bxc6
22. Nxf6+ Bxf6 23. Bxc6 Qb6 24. Bf3 Bg5 25. Kh1 Bxe3 26. Nxe3 Qxe3 27. Rf1 Nd4
28. Bxd4 Qxd4 29. Qf2 Qxd3 30. Qxa7+ Kh8 31. Qxb8+ Bg8 32. Qb1 Qxc4 33. Rd1 1-0